000 00736nam a2200205 a 4500
005 20251017063907.0
008 040126s2001 mx r 000 0 spa d
020 _a8497040082
035 _aUPN01000131537
049 _aCG
050 4 _aZ1003
_bH5.7
245 0 0 _aHistoria de la cultura escrita :
_bdel Próximo Oriente antiguo a la sociedad informatizada /
_ccoord. Antonio Castillo Gómez ; tr. Juan Luis Calbarro.
260 _aAsturias, Esp. :
_bTrea,
_c2001.
300 _a460 p. :
_bil.
440 0 _aBiblioteconomía y administración cultural ;
_v58
650 4 _aLibros y lectura
_xHistoria
_927114
650 4 _aESCRITURA -
_xHISTORIA
_920466
700 1 _aCastillo Gómez, Antonio,
_d1963-
_ecoord.
_942065
905 _aLibro
999 _c103692
_d103692